Balance, consolidación y desafíos en técnicas de reproducción humana asistida / (Registro nro. 5857)
[ vista simple ]
| 000 -LEADER | |
|---|---|
| fixed length control field | 01465nab a22002417a 4500 |
| 003 - CONTROL NUMBER IDENTIFIER | |
| control field | OSt |
| 005 - DATE AND TIME OF LATEST TRANSACTION | |
| control field | 20260108222604.0 |
| 008 - FIXED-LENGTH DATA ELEMENTS--GENERAL INFORMATION | |
| fixed length control field | 190514b xxu||||| |||| 00| 0 spa d |
| 040 ## - CATALOGING SOURCE | |
| Transcribing agency | PJ |
| 100 ## - MAIN ENTRY--PERSONAL NAME | |
| 9 (RLIN) | 4294 |
| Personal name | González de Vicel, Mariela |
| 245 10 - TITLE STATEMENT | |
| Title | Balance, consolidación y desafíos en técnicas de reproducción humana asistida / |
| Statement of responsibility, etc | Mariela González de Vicel, Silvia Fernández. |
| 300 ## - PHYSICAL DESCRIPTION | |
| Extent | p. 166-186 |
| 505 ## - FORMATTED CONTENTS NOTE | |
| Formatted contents note | Sumario: I. Objeto de este aporte en el marco legal actual sobre reproducción humana asistida.— II. Accesibilidad y cobertura de tratamientos: contenido, cantidad y autorizaciones.— III. El Cód. Civ. y Com. y el derecho a la identidad en casos de TRHA.— IV. Fallecimiento y TRHA: fertilización, fecundación y filiación post mortem.— V. Solicitud de transferencia embrionaria sin voluntad procreacional.— VI. Gestación por sustitución. Una deuda pendiente y un debate candente.— VII. Breves consideraciones finales. |
| 505 ## - FORMATTED CONTENTS NOTE | |
| Title | Si te interesa el texto, comunicate a koha@justierradelfuego.gov.ar |
| 650 #0 - SUBJECT ADDED ENTRY--TOPICAL TERM | |
| 9 (RLIN) | 1497 |
| Topical term or geographic name as entry element | CODIGO CIVIL Y COMERCIAL |
| 650 #0 - SUBJECT ADDED ENTRY--TOPICAL TERM | |
| 9 (RLIN) | 967 |
| Topical term or geographic name as entry element | DERECHO DE FAMILIA |
| 650 #0 - SUBJECT ADDED ENTRY--TOPICAL TERM | |
| 9 (RLIN) | 4292 |
| Topical term or geographic name as entry element | TÉCNICAS DE REPRODUCCIÓN HUMANA ASISTIDA |
| 650 #0 - SUBJECT ADDED ENTRY--TOPICAL TERM | |
| 9 (RLIN) | 5385 |
| Topical term or geographic name as entry element | VOLUNTAD PROCREACIONAL |
| 650 #0 - SUBJECT ADDED ENTRY--TOPICAL TERM | |
| 9 (RLIN) | 2345 |
| Topical term or geographic name as entry element | DERECHO A LA IDENTIDAD |
| 700 ## - ADDED ENTRY--PERSONAL NAME | |
| 9 (RLIN) | 3280 |
| Personal name | Fernández, Silvia E. |
| Función | coautor |
| 773 0# - HOST ITEM ENTRY | |
| Host Biblionumber | 2844 |
| Host Itemnumber | 3222 |
| Place, publisher, and date of publication | Buenos Aires : AbeledoPerrot, 1989- |
| Title | Derecho de familia. N° 120 - Julio 2025 |
| International Standard Book Number | 18511201 |
| 942 ## - ADDED ENTRY ELEMENTS (KOHA) | |
| Source of classification or shelving scheme | |
| Koha item type | Analítica Artículo de Revista |
No hay ítems disponibles.
